Mort subite - Personnage de Mario - Statistiques

Statistiques générales
  • Ce quiz a été pris 420 fois
  • Le résultat moyen est 7 sur 14
Answers on the Grid
Answers color-coded by a green-red scale on the quiz's grid according to % correct below.
Bowser Jr
Picsou
Pikachu
Daisy
Yoshi
Diddy Kong
Donald Duck
Flora Piranha
Roi Boo
Lara Croft
Dario
Luigi
Tortank
Lakitu
Birdo
Daddi Kong
Tiana
Wiggler
Wario
Gianluigi
Topper
Harmonie
Peach
Pitch
Dingo
Kamek
Toad
Pauline
Donkey Kong
Hariette
Roucoups
Ortide
 
Statistiques - réponses
Réponse % Correct
Lara Croft
60%
Pikachu
60%
Picsou
57%
Donald Duck
56%
Roucoups
56%
Tortank
56%
Dingo
51%
Dario
45%
Ortide
45%
Pitch
45%
Tiana
44%
Gianluigi
43%
Hariette
38%
Daddi Kong
36%
Aucun quiz correspondant
Distribution des résultats
% des personnes avec chaque résultat
Percentile par nombre de réponses
Votre historique - résultats
Vous n’avez pas pris ce quiz